| 000 | 00952nam a2200229Ia 4500 | ||
|---|---|---|---|
| 999 |
_c39525 _d39525 |
||
| 001 | 6121 | ||
| 003 | GE_BSU | ||
| 005 | 20190923162520.0 | ||
| 008 | 181216s1963||||ge |||||||||||||| ||geo|| | ||
| 040 | _cGE_BSU | ||
| 041 | _ageo | ||
| 080 | _a821.353.1-1 ა-93 | ||
| 100 |
_aაფხაიძე, შალვა _94242 |
||
| 245 |
_aგაზაფხულის განთიადები / _cშალვა აფხაიძე ; რედ. რ. ორჯონიკიძე. |
||
| 264 |
_aთბილისი : _bნაკადული ; _c1963. |
||
| 300 |
_a96 გვ. ; _c17 სმ. |
||
| 490 | _aთანამედროვე ქართული პოეზიის ბიბლიოთეკა | ||
| 653 | _aგაზაფხულის განთიადები | ||
| 653 | _aლექსები | ||
| 700 |
_aორჯონიკიძე, რ. _eრედაქტორი _94243 |
||
| 942 |
_cBK _2udc |
||